Miscellaneous Tile Select Questions #1 - Statistics

General Stats
  • This quiz has been taken 36 times
  • The average score is 68 of 120
Answer Stats
Question Tile Select % Correct
Which of the following were not in USSR? Ukraine No
87%
Which of the following were not in USSR? Kyrgyzstan No
84%
Which of the following are an over sea territory of USA?) Saint Helena No
84%
Which of the following are an over sea territory of USA?) Akrotiri & Dhekelia No
81%
Which of the following are an over sea territory of USA?) Anguilla No
81%
Which of the following were not in USSR? Lithuania No
81%
Which of the following are an over sea territory of USA?) Montserrat No
81%
Which of the following were not in USSR? Armenia No
77%
Which of the following countries are multi continental? Greece No
77%
Which of the following are an over sea territory of USA?) Guam Yes
77%
Who among the following has never served as UN's secretary general? Javier Pérez de Cuéllar No
77%
Which of the following were once in their life leader of North Korea? Kim Jim-un No
77%
Which of the following are an over sea territory of USA?) Puerto Rico Yes
77%
Which of the following capital is situated on bank of Danube? Sofia No
77%
Which of the following were not in USSR? Afghanistan Yes
74%
Which of the following were not in USSR? Azerbaijan No
74%
Who among the following has never served as UN's secretary general? Boutros Boutros-Ghali No
74%
Who among the following has never served as UN's secretary general? Dag Hammarskjöld No
74%
Which of the following countries has their capitals on coast:? Denmark Yes
74%
Which of the following were once in their life leader of North Korea? Kim I-sung No
74%
Which of the following were once in their life leader of North Korea? Kim Jong-am No
74%
Who among the following has never served as UN's secretary general? Kofi Annan No
74%
Which of the following countries has their capitals on coast:? Bangladesh No
71%
Which of the following countries are multi continental? Colombia No
71%
Which of the following capital is situated on bank of Danube? Kiev No
71%
Which of the following were once in their life leader of North Korea? Kim III-sung No
71%
Which of the following were once in their life leader of North Korea? Kim Jong-im No
71%
Which of the following were once in their life leader of North Korea? Kim Jong-un Yes
71%
Which nation are associated with G-7? Mexico No
71%
Which of the following countries are multi continental? Philippines No
71%
Which among the following were travelling in Apollo 11 Alan Bean No
68%
Which of the following country has never hosted the Olympics? Austria No
68%
Which of the following are a member of SAARC (The South Asian Association for Regional Cooperation)? Bahrain No
68%
Which of the following are an over sea territory of USA?) Cayman Islands No
68%
Which among the following were travelling in Apollo 11 David Scott No
68%
Which among the following were travelling in Apollo 11 Edgar Mitchell No
68%
Which of the following were not in USSR? Finland Yes
68%
Which of the following are a member of SAARC (The South Asian Association for Regional Cooperation)? Iran No
68%
Which of the following country has never hosted the Olympics? Mexico No
68%
Which of the following country has never hosted the Olympics? Norway No
68%
Which of the following countries has their capitals on coast:? South Korea No
68%
Which of the following country has never hosted the Olympics? Switzerland No
68%
Which among the following were travelling in Apollo 11 Charles "Pete" Conrad No
65%
Which of the following countries has their capitals on coast:? Italy No
65%
Which of the following were once in their life leader of North Korea? Kim Jong-il Yes
65%
Which of the following capital is situated on bank of Danube? Sarajevo No
65%
Which nation are associated with G-7? Sweden No
65%
Which of the following countries are multi continental? Uzbekistan No
65%
Which of the following capital is situated on bank of Danube? Budapest Yes
61%
Which countries among the following have coast? Kazakhstan No
61%
Which countries among the following have coast? Liechtenstein No
61%
Which nation are associated with G-7? Russia No
61%
Which countries among the following have coast? South Sudan No
61%
Which of the following capital is situated on bank of Danube? Zagreb No
61%
Which of the following countries has their capitals on coast:? Chile No
58%
Which of the following were once in their life leader of North Korea? Kim Il-sung Yes
58%
Which countries among the following have coast? Kosovo No
58%
Which of the following country shares its land border with one nation only? Malaysia No
58%
Which of the following were not in USSR? Mongolia Yes
58%
Which of the following country shares its land border with one nation only? North Korea No
58%
Which nation are associated with G-7? Spain No
58%
Which of the following country has never hosted the Olympics? Thailand Yes
58%
Which of the following countries has their capitals on coast:? Venezuela No
58%
Which of the following country shares its land border with one nation only? Belize No
55%
Which nation are associated with G-7? Canada Yes
55%
Which of the following country shares its land border with one nation only? Ecuador No
55%
Which of the following countries are multi continental? Egypt Yes
55%
Which of the following fictional characters have appeared in MCU? Ghost Rider No
55%
Which of the following countries has their capitals on coast:? New Zealand Yes
55%
Who among the following has never served as UN's secretary general? U Thant No
55%
Which of the following capital is situated on bank of Danube? Bucharest No
52%
Which nation are associated with G-7? China No
52%
Which of the following countries are multi continental? Georgia Yes
52%
Which of the following country has never hosted the Olympics? India Yes
52%
Which nation are associated with G-7? Japan Yes
52%
Which of the following are a member of SAARC (The South Asian Association for Regional Cooperation)? Myanmar No
52%
Which of the following country shares its land border with one nation only? SIngapore No
52%
Who among the following has never served as UN's secretary general? Veshk-O-Sid Yes
52%
Which of the following movies have not won the Oscars? Wallace & Gromit: The Curse of the Were-Rabbit No
52%
Which among the following were travelling in Apollo 11 Alan Shepard No
48%
Which of the following capital is situated on bank of Danube? Belgrade Yes
48%
Which of the following movies have not won the Oscars? Inside Out No
48%
Which among the following were travelling in Apollo 11 Neil Armstrong Yes
48%
Which of the following movies have not won the Oscars? Rango No
48%
Which of the following fictional characters have appeared in MCU? She Hulk No
48%
Which of the following movies have not won the Oscars? Spirited Away No
48%
Which of the following fictional characters have appeared in MCU? Venom No
48%
Which countries among the following have coast? Azerbaijan No
45%
Which of the following fictional characters have appeared in MCU? Daredevil No
45%
Who among the following has never served as UN's secretary general? Helmet Averendria William Yes
45%
Which of the following countries are multi continental? Indonesia No
45%
Which nation are associated with G-7? Italy Yes
45%
Which of the following are an over sea territory of USA?) Mariana Island Yes
45%
Which of the following movies have not won the Oscars? Ratatouille No
45%
Which of the following are a member of SAARC (The South Asian Association for Regional Cooperation)? Singapore No
45%
Who among the following has never served as UN's secretary general? Vinay Singh Yes
45%
Which of the following fictional characters have appeared in MCU? X Men No
45%
Which of the following countries has their capitals on coast:? Argentina Yes
42%
Which of the following capital is situated on bank of Danube? Bratislava Yes
42%
Which of the following are a member of SAARC (The South Asian Association for Regional Cooperation)? Sri Lanka Yes
42%
Which of the following country has never hosted the Olympics? Argentina Yes
39%
Which of the following are a member of SAARC (The South Asian Association for Regional Cooperation)? Bhutan Yes
39%
Which among the following were travelling in Apollo 11 Edwin E. Aldrin Jr. Yes
39%
Which of the following are a member of SAARC (The South Asian Association for Regional Cooperation)? Thailand No
39%
Which countries among the following have coast? Bosnia Yes
35%
Which countries among the following have coast? Iraq Yes
35%
Which of the following countries are multi continental? Panama Yes
35%
Which of the following country has never hosted the Olympics? Bosnia No
32%
Which among the following were travelling in Apollo 11 Michael Collins Yes
32%
Which of the following country shares its land border with one nation only? San Marino Yes
32%
Which countries among the following have coast? Jordan Yes
29%
Which of the following country shares its land border with one nation only? Papua New Guinea Yes
29%
Which of the following country shares its land border with one nation only? Timor Leste Yes
29%
Which of the following are a member of SAARC (The South Asian Association for Regional Cooperation)? Maldives Yes
26%
Which of the following movies have not won the Oscars? Wreck-It Ralph Yes
26%
Which of the following movies have not won the Oscars? How to Train Your Dragon 2 Yes
23%
Which of the following fictional characters have appeared in MCU? Quick Silver Yes
23%
Which of the following fictional characters have appeared in MCU? Wong Yes
19%
Which of the following movies have not won the Oscars? Moana Yes
16%
Which of the following fictional characters have appeared in MCU? Shuri Yes
13%
No matching quizzes found
Score Distribution
Percent of People with Each Score
Percentile by Number Answered
Your Score History
You have not taken this quiz